Qui a dit ... (Rap français) 3 - Statistiques

Statistiques générales
  • Ce quiz a été pris 700 fois
  • Le résultat moyen est 3 sur 15
Statistiques - réponses
Punchline Rappeur(euse) % Correct
Mais ferme ta gu*ule toi! Et si tu veux parler s'te plait rhabille-toi! Franchement t'as pas d'honneur, t'as pas honte de toi? Prends ton string et casse-toi, les filles comme toi ne méritent pas plus qu'un petit bout de trottoir. Diam's
77%
J'aime une femme, elle m'a donné le sein, m'a appris à m'tenir, à différencier l'Homme et le chien. Booba
48%
Représente le hardcore des montagnes en direct de la Savoie. Fatal Bazooka
46%
Akim, le fils du forgeron est venu me chercher, les druides ont décidé de mener le combat dans la vallée. Manau
38%
Plus de cartable, il ne saurait pas quoi en faire. Il ne joue plus aux billes, il veut jouer du revolver. IAM
17%
En vrai t'es comme un agneau livré à lui-même dans une forêt. Il a fait le malin Ze pequeño, il a fini entièrement perforé. Mister You
11%
Demande aux clochards si l'argent fait pas le bonheur. put*in de proverbe a la c*n, j'irais bien gifler son auteur. Sexion d'Assaut
9%
Ce que la France ne nous donne pas, il faut lui prendre, je veux pas brûler des voitures, mais en construire, puis en vendre. Kery James
8%
Mon compte en banque est moins blindé que mon bloc notes, pourtant j'ai assez d'euros pour être joyeux avec des menottes. Rohff
4%
Cache la drogue dans la couche du nourrisson. 25G
2%
Me prouver à moi en prouvant à leurs frères qu'ils en ont dans le froc en provoquant l'enfer. Keny Arkana
2%
Tu trouves de tout: des pas beaux, des ex-taulards, des Pablos, des Escobars, des raclos qui restent au bar. Sinik
2%
Au square c'est trop abusé, toute ma jeunesse j'ai vu mon père viser la lune avec un lance pierre. La Fouine
1%
Pour aller de l'avant, il faut prendre du recul, car prendre du recul, c'est prendre de l'élan. Mc Solaar
1%
Les gosses dans les squares vivent dans l'espoir de réussir dans le sport. Tandem
1%
Aucun quiz correspondant
Distribution des résultats
% des personnes avec chaque résultat
Percentile par nombre de réponses
Votre historique - résultats
Vous n’avez pas pris ce quiz